000 00980nam a2200253 i 4500
001 172029
003 ES-MaACL
005 20250808062822.0
008 090612s1987 sp |||| | spa d
017 _aM 35581-1987
020 _a84-220-1303-7
100 0 _aBenedicto
_bXVI,
_cPapa
_9234934
245 1 0 _aIglesia, ecumenismo y política
_b: nuevos ensayos de eclesiología /
_cJoseph Ratzinger ; [traducción de Bartolomé Parera (parte I), José Luis Legaza (parte II) y Gonzalo Haya (parte III)].
260 _aMadrid :
_bLa Editorial Católica,
_c1987.
300 _aXII, 304 p., 1 h. ;
_c20 cm.
490 1 _aBiblioteca de autores cristianos ;
_v494
594 _aTraducción de : Kirche, Ökumene und Politik.
700 0 _aParera Galmes, Bartolomé.
_989096
700 0 _aLegaza, José Luis.
_971265
700 1 _aHaya, Gonzalo.
_962182
830 0 0 _aBiblioteca de autores cristianos
_v494
_9178679
852 _aES-MaACL
_jJ-481
_9R.46092
999 _c172029
_d172029